Cours de mathematiques : a l'usage des candidates aux licences es sciences mathematiques et physiques a l'ecole polytechnique, a l' ecole normale superieure a l'ecole centrale des arts et manufactures
Αποθηκεύτηκε σε:
| Κύριοι συγγραφείς: | , |
|---|---|
| Μορφή: | Βιβλίο |
| Γλώσσα: | French |
| Δημοσίευση: |
Paris :
Gauthier-Villars,
1928
|
| Έκδοση: | 7 έκδ., αναθ. |
| Θέματα: | |
| Ετικέτες: |
Προσθήκη ετικέτας
Δεν υπάρχουν, Καταχωρήστε ετικέτα πρώτοι!
|
MARC
| LEADER | 00000cam a2200000 a 4500 | ||
|---|---|---|---|
| 001 | 1/106608 | ||
| 008 | 150528s1928####fr | ||| |||| ||fre|| | ||
| 040 | |a GR-MyUa |b gre |c GR-MyUa |e AACR2 | ||
| 041 | 0 | |a fre | |
| 082 | 7 | |a 510 |2 (23) | |
| 100 | 1 | |a Comberousse, Charles de. | |
| 245 | 1 | 0 | |a Cours de mathematiques : |b a l'usage des candidates aux licences es sciences mathematiques et physiques a l'ecole polytechnique, a l' ecole normale superieure a l'ecole centrale des arts et manufactures / |c Ch. de Comberousse ; par R. de Montessus de Ballore. |
| 250 | |a 7 έκδ., αναθ. | ||
| 260 | |a Paris : |b Gauthier-Villars, |c 1928 | ||
| 300 | |a 283 σ. : |b σχέδια ; |c 23 εκ. | ||
| 505 | 8 | |a τ.2. Trigonometrie rectiligne et spherique. | |
| 650 | 0 | |a Mathematics. | |
| 650 | 0 | |a Trigonometry. | |
| 700 | 1 | |a Montessus de Ballore, R. de |q (Robert), |d 1870-1937, |e aut | |
| 740 | 0 | |a Trigonometrie rectiligne et spherique. | |
| 852 | |a INST |b SAMOS |c MAG |e 20150528 |h 510 COM |p 005300034265 |q 005300034265 |t BK |y 0 | ||
| 970 | |a Σιτζίμη |b Γιασεμή |z 28/05/2015 | ||